Normal view MARC view
  • Sudan

Entry Geographic Name

Number of records used in: 1

001 - CONTROL NUMBER

  • control field: 22580

003 - CONTROL NUMBER IDENTIFIER

  • control field: NUST

005 - DATE AND TIME OF LATEST TRANSACTION

  • control field: 20191003110237.0

008 - FIXED-LENGTH DATA ELEMENTS

  • fixed length control field: 191003|| aca||aabn | a|a d

040 ## - CATALOGING SOURCE

  • Original cataloging agency: NUST
  • Transcribing agency: NUST

151 ## - HEADING--GEOGRAPHIC NAME

  • Geographic name: Sudan
  • General subdivision: History
  • Chronological subdivision: Civil War, 1983-2005.

670 ## - SOURCE DATA FOUND

  • Source citation: Work cat.: (NUST)0: Scroggins, Deborah. 22576, Emma's war /, c2002.
© 2023 Central Library, National University of Sciences and Technology. All Rights Reserved.